All the Letters in a Random Order - Easier - Statistics

General Stats
  • This quiz has been taken 112 times
  • The average score is 13 of 26
Answer Stats
Letter % Correct
A
64%
B
64%
E
61%
H
59%
C
58%
F
58%
I
56%
N
56%
D
55%
G
55%
O
55%
J
54%
K
50%
P
50%
S
50%
T
50%
Q
49%
L
45%
M
45%
Y
44%
R
43%
W
41%
Z
40%
U
39%
V
38%
X
33%
No matching quizzes found
Score Distribution
Percent of People with Each Score
Percentile by Number Answered
Your Score History
You have not taken this quiz